New Fisher Folk (Record no. 8512)

MARC details
000 -LEADER
fixed length control field 00615nam a2200241 a 4500
020 ## - INTERNATIONAL STANDARD BOOK NUMBER
ISBN
082 00 - DEWEY DECIMAL CLASSIFICATION NUMBER
Classification number 253.2
Author Cutter SIM
100 ## - MAIN ENTRY--AUTHOR NAME
Author name Simpfendorfer, Werner
245 ## - TITLE STATEMENT
Title New Fisher Folk
Sub title How to Run Church-Related Conference Centre
260 ## - PUBLICATION, DISTRIBUTION, ETC. (IMPRINT)
Place of publication Geneva
Name of publisher WCC
Year of publication 1988
300 ## - PHYSICAL DESCRIPTION
Number of Pages 130p
500 ## - GENERAL NOTE
General note includes index and biblioraphy
505 2# - FORMATTED CONTENTS NOTE
Formatted contents note Bibliography
650 ## - SUBJECT ADDED ENTRY--TOPICAL TERM
Topical Term Pastoral Theology
942 ## - ADDED ENTRY ELEMENTS (KOHA)
Koha item type Books
700 1# -
-- Simpfendorfer, Werner
Holdings
Collection code Home library Current library Date acquired Cost, normal purchase price Full call number Accession Number Koha item type
  Henry Martyn Institute Library Henry Martyn Institute Library 07/10/2007 100.00 253.2 SIM 013041 Books
                   Copyright © 2026 | Henry Martyn Institute | Hyderabad | TS-500052 | INDIA | Implemented by hmi.edu.in
Hit-Count:

Powered by Koha